Datum a čas kvízu

29 Celkem bodů Celkový počet nahraných bodů na tomto kvízu bez doplňovacích otázek.
2. Pořadí na kvízu Konečné umístění týmu na tomto kvízu.

Zaznamenané odpovědi

# Otázka Odpověď Body Výsledky
1. Letitá ikonická story o „bábě... Plzeň 1
2. Ve kterém městě zahajoval Kare... v Ottawě 1
3. Minulý týden vystoupila rovnou... Dua Lipa; Na ostří nože 1
4. Jak se jmenuje horská chata le... Luční bouda 1
5. Dvojnásobná grandslamová šampi... Jiří Novák 0
6. Milovníci komiksů se každoročn... Comic-Con 1
7. Jak se jmenuje zvíře, které je... Garfield 1
8. Jedním z nejoblíbenějších komi... 1B 2C 3D 4A 1
9. Jak se jmenuje muž s iniciálam... Kája (Karel) Saudek 1
10. V současné době vychází v komi... Karel Jaromír Erben, Kytice 0